000 01096cam a22003377a 4500
003 CHAP
005 20220329143011.0
008 050613d2001 uk r 00110 eng d
010 _a90471
011 _a91443
020 _a0 85199 515 2
035 _a102002
040 _cCHAP
082 0 4 _a580.12
_bH42
100 0 0 _aHenry, R. J.
_eed.
_953637
245 1 0 _aPlant genotyping :
_bthe DNA fingerprinting of plants
_c/ed. by R. J. Henry
260 _aOxon :
_bCABI,
_c2001.
300 _a325 p. :
_bgráfs.
590 _aBATCH-UPD
_b10
_c20130110
_lUCH01
_h0515
590 _aBATCH-UPD
_b10
_c20130110
_lUCH01
_h2345
590 _aBATCH-UPD
_b10
_c20130410
_lUCH01
_h0154
590 _aBATCH-UPD
_b10
_c20130410
_lUCH01
_h1633
590 _aBATCH-UPD
_b10
_c20130913
_lUCH01
_h1905
590 _aCONVERSION
_b10
_c20130109
_lUCH01
_h1350
650 1 4 _aAcido desoxirribonucléico en plantas.
_9581
650 1 4 _aPlantas
_xIdentificación.
_988842
901 _aBK
905 _aLilia
942 _cLIBRO
949 _a580.12 H42
_bBC
_cLIBRO
_d33724000956488
_eLIBRO
_gI.00224343
_h105908
_i102002
_si
_t$1.427.00
999 _c90471
_d90471